000 00315nam a22001457a 4500
003 OSt
005 20160727222404.0
008 160623b xxu||||| |||| 00| 0 eng d
040 _cTEST
100 _9779
_aOttaway, J. H
245 _aBiochemistry
260 _aELBS
_c1984
300 _aBiochemistry
942 _2ddc
_cBK
999 _c621
_d621